Dinastie europee - Hohenzollern - Statistics

Statistiche generali
  • Questo quiz è stato fatto 33 volte
  • Il punteggio medio è 21 su 32
Statistiche sulle risposte
Titolo Anni Nome Eventuale epiteto % Corretto
?-1125 Federico I
96%
Burgravio di Norimberga ca 1171-1204 Federico I
96%
Principe elettore di Brandeburgo 1415-1440 Federico I
96%
Re in Prussia 1688-1713 Federico I
96%
?-1142 Federico II
96%
1204-1218 Federico II
96%
1440-1470 Federico II Dente di ferro
96%
Re di Prussia 1740-1786 Federico II Il Grande
96%
1262-1297 Federico III
96%
1888 Federico III
96%
1300-1332 Federico IV
96%
1357-1398 Federico V
96%
1619-1640 Giorgio Guglielmo
96%
Imperatore tedesco 1861-1888 Guglielmo I Il Grande
96%
1888-1918 Guglielmo II
96%
1571-1598 Giovanni Giorgio
65%
1297-1300 Giovanni I
52%
1486-1495 Giovanni I Il Cicerone
52%
1332-1357 Giovanni II
52%
1398-1420 Giovanni III
52%
Duca di Prussia 1608-1619 Giovanni Sigismondo
52%
1470-1486 Alberto III Achille
48%
1640-1688 Federico Guglielmo I Il grande elettore
48%
1713-1740 Federico Guglielmo I Il Re sergente
48%
1786-1797 Federico Guglielmo II Il Grassone
48%
1797-1840 Federico Guglielmo III
48%
1840-1861 Federico Guglielmo IV
48%
1218-1262 Corrado III
17%
1598-1608 Gioacchino Federico
17%
1499-1535 Gioacchino I Il Nestore
17%
1535-1571 Gioacchino II L'Ettore
17%
Conte di Zollern ?-1061 Burgardo I
4%
Nessun quiz corrispondente trovato
Distribuzione punteggi
Percentuale di utenti per punteggio
Percentile per numero di risposta
I tuoi punteggi nel tempo
Non hai fatto questo quiz